[Event "77th GEO-ch Supreme League 2018"]
[Site "Tbilisi"]
[Date "2018.01.21"]
[Round "2.3"]
[White "Mchedlishvili, Mikheil"]
[Black "Maghalashvili, Davit"]
[Result "1/2-1/2"]
[WhiteElo "2602"]
[BlackElo "2506"]
[Annotator "TA"]
[PlyCount "135"]
[EventDate "2018.??.??"]
[EventType "k.o."]
[EventCountry "GEO"]
[SourceTitle "playchess.com"]
[Source "ChessBase"]
[SourceQuality "1"]

{[%evp 20,135,10,12,14,0,0,0,4,-10,0,0,0,0,0,0,0,-3,14,0,8,8,19,-64,-50,-73,-75,-70,-67,-81,-68,-58,-50,-60,-45,-37,-14,-14,-14,-22,-22,-16,-16,-25,-16,-26,-16,-99,-96,-86,-89,-94,-101,-90,-80,-108,-107,-106,-99,-120,-57,-101,-89,-89,-89,-98,-75,-115,-100,-100,-85,-97,-68,-115,0,-97,-89,-115,-76,-80,-84,-91,-54,-75,-95,-91,-14,-17,-19,-33,-33,-33,-33,-33,-33,-33,-33,-33,-33,-33,-33,-33,-33,-33,-33,-33,-33,-33,-33,-33,-33,-33,-33,-33,-33,-33,-33,-33]} 1. d4 d5 2. c4 e6 3. Nc3 Be7 4. cxd5 exd5 5. Bf4 c6 6. e3 Bf5 7. g4 Be6 8. Bd3 {D31: Queen's Gambit Declined: Semi-Slav without ...Nf6 (+ Marshall Gambit and Noteboom) and Exchange Variation lines without ...Nf6} (8. h4 Bxh4 9. Qb3 g5 10. Be5 f6 11. Bh2 Bxg4 12. Qxb7 Qe7 13. Qxe7+ Nxe7 14. Be2 Bxe2 15. Kxe2 Nd7 16. Nf3 {0-1 (47) Giri,A (2785)-So,W (2815) chess.com INT 2017}) 8... Nd7 9. h3 g5 10. Bh2 h5 11. f3 {LiveBook: 5 Games} Nb6 12. Qc2 Bd6 13. O-O-O Bxh2 14. Rxh2 $146 ({Find the theoretical novelty and annotate with similar games:} 14. Qxh2 Qe7 15. Qg3 O-O-O 16. Nge2 {½-½ (34) Van der Plas,R (2261)-Hameister,R (2422) ICCF email 2015}) 14... Qc7 15. Rg2 hxg4 16. hxg4 O-O-O 17. Qf2 Nf6 {[%cal Bg8f6,Bf6g4,Bg4e3,Be3d1][%mdl 32]} 18. Nge2 Rde8 19. b3 Qe7 20. Ng3 Kb8 21. Kb2 {[#]} (21. Rh2 $11) 21... Bxg4 $1 $15 {[%mdl 512]} 22. fxg4 Nxg4 23. Qf3 Nxe3 24. Nf5 Nxd1+ 25. Nxd1 Qb4 26. Qg3+ Ka8 27. Qxg5 Nc4+ (27... Rh3 {NOTEXT} 28. Qd2 Qxd2+ 29. Rxd2 Kb8 30. Kc2 Reh8) 28. Bxc4 dxc4 29. Qd2 Qxd2+ 30. Rxd2 cxb3 31. axb3 Rh3 32. Nd6 Rf8 33. Rf2 (33. d5 $11) 33... Rd3 $17 34. Nc3 Rxd4 35. Rf6 Rd2+ 36. Ka3 Rg2 37. Nce4 Rg6 38. Rf4 {[#]} f5 $1 39. Nxf5 Re6 (39... a5 $17 40. Kb2 {[#]} Rh6 $1 {[%mdl 512]}) 40. Neg3 Kb8 41. Rg4 Ref6 42. Rg5 c5 43. Kb2 b6 44. Kc3 Kc7 45. Kc4 R6f7 46. Kc3 Rf6 47. Kc4 R8f7 48. Kc3 Kc6 49. Kc2 a5 50. Kc3 b5 51. Kc2 Re6 52. Rg8 Re5 ({Black should try} 52... Kb7 $17 53. Kc3 Rd7) 53. Rg6+ $11 Kc7 54. Ra6 Rexf5 {Black is slightly better.} 55. Nxf5 Rxf5 56. Rxa5 $15 {[%mdl 4096] Endgame KR-KR} Kc6 57. Ra8 Rf2+ 58. Kc1 Kd5 59. Rd8+ Ke4 60. Rd7 Rf5 61. Kc2 Rd5 62. Rh7 Re5 63. Rb7 b4 64. Rd7 Rh5 65. Re7+ Kd4 66. Rd7+ Rd5 67. Rh7 Rf5 68. Rd7+ {Precision: White = 57%, Black = 61%.} 1/2-1/2

[Event "77th GEO-ch Supreme League 2018"]
[Site "Tbilisi"]
[Date "2018.01.21"]
[Round "2.3"]
[White "Quparadze, Giga"]
[Black "Kacharava, Nikolozi"]
[Result "1-0"]
[WhiteElo "2499"]
[BlackElo "2302"]
[Annotator "TA"]
[PlyCount "141"]
[EventDate "2018.??.??"]
[EventType "k.o."]
[EventCountry "GEO"]
[SourceTitle "playchess.com"]
[Source "ChessBase"]
[SourceQuality "1"]

{[%evp 25,141,36,33,16,20,19,27,2,28,-139,21,0,27,7,8,2,160,158,148,156,255,250,247,223,231,208,223,217,249,258,260,246,318,302,354,331,304,230,425,438,432,426,433,441,445,421,457,457,453,441,456,454,465,451,505,500,501,482,535,501,418,383,373,347,527,534,534,489,1014,948,1658,1596,1469,1442,1245,1086,1063,960,29964,29967,29966,29968,29970,29971,29972,29973,29973,29972,29971,29974,29973,29969,29970,29973,29973,29966,29966,29967,29967,29968,29968,12299,29968,29969,29969,29970,29970,29970,29971,29971,29971,29972,29972,29970,29977,29979,29979,29980]} 1. e4 e5 2. Nf3 Nf6 3. Nxe5 d6 4. Nf3 Nxe4 5. d4 d5 6. Bd3 Nc6 7. O-O Be7 8. c4 Nb4 9. Be2 O-O 10. Nc3 Bf5 11. a3 Nxc3 12. bxc3 Nc6 13. Re1 Re8 14. cxd5 {C42: Petroff Defence: 3 Nxe5 and unusual White 3rd moves} (14. Ra2 Na5 15. cxd5 Qxd5 16. Rb2 b6 17. Ne5 Rad8 18. Rb5 c5 19. Rxa5 bxa5 20. Bc4 Qb7 21. Nxf7 Kf8 22. Nxd8 Rxd8 {1-0 (52) Grigoriants,S (2561)-Nguyen,N (2630) Riadh 2017}) 14... Qxd5 15. Bf4 Rac8 16. h3 {White has an edge.} Bf6 17. Nd2 $2 {[#]} (17. Qa4 $11) 17... Na5 $2 (17... Nxd4 $1 $17 {[%mdl 512]} 18. cxd4 (18. Bc4 Qd7 $17) 18... Qxd4) 18. Nf1 (18. g4 {with more complications.} Be6 19. Bd3 b6 20. Be4 Qd7 21. Qf3) 18... Qb3 $146 ({Predecessor:} 18... c5 19. Qa4 cxd4 20. Bf3 Bd7 21. Rxe8+ Rxe8 {½-½ (53) Harshita,G (2051)-Jain,N (1775) Kankarbagh 2017}) 19. Ne3 Qxd1 $1 20. Raxd1 Bg6 $2 (20... Be6 $1 $11) 21. Bg4 $16 Ra8 22. Bxc7 b6 (22... h5 $16) 23. d5 $18 Bxc3 24. Rf1 h5 25. Bf3 {Strongly threatening d6.} Be4 26. Bxh5 g6 27. Be2 Bf6 28. Bb5 Rf8 29. Ng4 Bg7 30. d6 f5 31. d7 {Ne5 is the strong threat.} Bc6 $2 (31... fxg4 32. d8=Q Raxd8 33. Rxd8 gxh3 34. gxh3 Rxd8 35. Bxd8 Bc6) 32. Bxc6 Nxc6 33. Ne3 Be5 34. d8=Q Raxd8 35. Bxd8 Rxd8 36. Rxd8+ Nxd8 {[%mdl 4096] Endgame KRN-KBN} 37. Rd1 Nc6 38. Rd7 Kf8 39. Nc4 Bb8 40. a4 Ke8 41. Rh7 Kd8 42. h4 Bc7 43. h5 gxh5 44. Rxh5 Ne7 (44... f4 $142 45. Kf1 a6) 45. Ne3 f4 46. Nd5 Nxd5 (46... Ng6 $142 47. Rh7 Bb8) 47. Rxd5+ {KR-KB} Kc8 48. Kf1 Kb7 49. Ke2 Kc6 50. Rf5 a6 51. Kd3 b5 52. axb5+ axb5 53. Ke4 b4 54. Kd3 Kd7 55. Rf7+ Kc6 56. Kc4 Bd6 57. Rf6 Kd7 58. Kd5 Bc7 59. Rf7+ Kd8 60. Kc6 Be5 61. Rf5 Bc3 62. Rxf4 b3 63. Rf8+ Ke7 64. Rb8 {White mates.} b2 65. Kd5 Kf6 66. Ke4 Kg5 67. Rb3 Bf6 68. Kd3 Kf4 69. Kc2 Bd4 70. Rb4 Ke5 {[#]} 71. Rxd4 $1 {Precision: White = 69%, Black = 43%.} 1-0

[Event "77th GEO-ch Supreme League 2018"]
[Site "Tbilisi"]
[Date "2018.01.21"]
[Round "2.4"]
[White "Maghalashvili, Davit"]
[Black "Mchedlishvili, Mikheil"]
[Result "1-0"]
[WhiteElo "2506"]
[BlackElo "2602"]
[Annotator "TA"]
[PlyCount "43"]
[EventDate "2018.??.??"]
[EventType "k.o."]
[EventCountry "GEO"]
[SourceTitle "playchess.com"]
[Source "ChessBase"]
[SourceQuality "1"]

{[%evp 18,43,27,27,27,13,37,8,56,27,29,22,41,43,68,71,104,54,185,54,48,33,33,18,20,24,623,606]} 1. Nf3 c5 2. c4 Nc6 3. g3 g6 4. Bg2 Bg7 5. Nc3 d6 6. O-O e6 7. e3 Nge7 8. d4 O-O 9. Re1 {A37: Symmetrical English vs ...g6: 4 Bg2 Bg7 5 Nf3} b6 10. b3 {LiveBook: 3 Games} Bb7 11. Bb2 {White has an edge.} cxd4 $146 ({Predecessor:} 11... Rb8 12. d5 exd5 13. cxd5 Nb4 14. e4 b5 15. Qd2 c4 16. Nd1 Nd3 17. Bxg7 Kxg7 {0-1 (37) Bocharov,D (2583)-Almasi,Z (2682) Riadh 2017}) 12. Nxd4 Qd7 13. Nxc6 Bxc6 14. e4 Rad8 15. Qe2 Bb7 16. Rad1 Nc6 17. Nb5 {e5 is the strong threat.} Qe7 {[#]} ({Black should play} 17... Bxb2 $1 $14 18. Qxb2 (18. Rxd6 Qe7 $14) 18... e5) 18. Bxg7 ({Only move:} 18. Ba3 $1 $18) 18... Kxg7 $14 19. Qb2+ e5 20. Qa3 a6 21. Nxd6 Nd4 $2 {[%mdl 8192] [#]} (21... Rd7 $11) 22. Rxd4 $1 {[%mdl 512] Precision: White = 37%, Black =  9%.} 1-0

[Event "77th GEO-ch Supreme League 2018"]
[Site "Tbilisi"]
[Date "2018.01.21"]
[Round "2.5"]
[White "Mchedlishvili, Mikheil"]
[Black "Maghalashvili, Davit"]
[Result "1-0"]
[WhiteElo "2602"]
[BlackElo "2506"]
[Annotator "TA"]
[PlyCount "49"]
[EventDate "2018.??.??"]
[EventType "k.o."]
[EventCountry "GEO"]
[SourceTitle "playchess.com"]
[Source "ChessBase"]
[SourceQuality "1"]

{[%evp 15,49,11,8,0,0,0,0,-12,19,17,23,28,27,-36,-35,-39,-2,-13,-10,-5,0,3,17,24,24,37,49,43,59,49,104,114,478,479,991,969]} 1. e4 e6 2. d3 c5 3. Nf3 Nc6 4. g3 g6 5. Bg5 Qc7 6. Bg2 Bg7 7. c3 Nge7 8. O-O {B30: Sicilian: 2...Nc6 3 Bb5, lines without ...g6} O-O {LiveBook: 11 Games} 9. d4 (9. Re1 e5 10. d4 exd4 11. cxd4 cxd4 12. Na3 d5 13. Rc1 dxe4 14. Nxd4 Qa5 15. Bxe7 Nxe7 16. Rxe4 {½-½ (36) Iordachescu,V (2614)-Gopal,G (2540) Al Ain 2013}) 9... cxd4 10. cxd4 {[#] And now d5 would win.The position is equal.} d5 11. e5 Qb6 12. Qd2 $146 ({Predecessor:} 12. Nc3 h6 {1-0 (33) Bettman,J (1842)-Staudte,R (1915) Maastricht 2014}) 12... Nf5 {[%cal Rf5d4]} 13. Rd1 h6 14. Bf4 ({Better is} 14. Bf6 $11) 14... g5 $15 15. Be3 $1 Nxe3 16. Qxe3 Qxb2 17. Nc3 {[%cal Bb1c3,Bc3e2,Be2f4,Bf4h5][%mdl 32]} Qb4 18. h4 gxh4 19. Nxh4 Qe7 20. Ne2 Na5 21. Nf4 Nc4 22. Qe2 Qg5 (22... Nb6 $14) 23. Nh5 $16 f5 $2 {[%mdl 8192] [#]} (23... Kh8 $16 {is a better chance.}) 24. exf6 $1 $18 Bxf6 (24... Rxf6 $142 25. f4 (25. Nxf6+ Qxf6 26. Rab1 b6 $16) 25... Rxf4) 25. f4 {Precision: White = 70%, Black = 30%.} 1-0

[Event "77th GEO-ch Supreme League 2018"]
[Site "Tbilisi"]
[Date "2018.01.21"]
[Round "2.5"]
[White "Maghalashvili, Davit"]
[Black "Mchedlishvili, Mikheil"]
[Result "1/2-1/2"]
[WhiteElo "2506"]
[BlackElo "2602"]
[Annotator "TA"]
[PlyCount "51"]
[EventDate "2018.??.??"]
[EventType "k.o."]
[EventCountry "GEO"]
[SourceTitle "playchess.com"]
[Source "ChessBase"]
[SourceQuality "1"]

{[%evp 22,51,18,15,35,27,20,27,27,6,3,4,15,10,8,1,12,7,21,0,0,4,0,0,0,0,14,16,20,8,23,14]} 1. Nf3 Nf6 2. g3 d5 3. Bg2 c6 4. O-O Bg4 {[%cal Bc8g4,Bg4h5,Bh5f7][%mdl 32]} 5. d3 Nbd7 6. Nbd2 e5 7. e4 dxe4 8. dxe4 Bc5 9. h3 Bh5 10. Qe1 O-O 11. Nc4 Qc7 {A07: Réti Opening: New York and Capablanca Systems} 12. a4 {LiveBook: 9 Games} (12. b4 Be7 13. Bb2 Bxf3 14. Bxf3 b5 15. Ne3 a5 16. a3 Nb6 17. bxa5 {½-½ (71) Kramnik,V (2784)-Kobalia,M (2651) Tromsoe 2013}) 12... Ne8 13. Nh4 $146 ({Predecessor:} 13. b4 Be7 14. c3 f6 15. Be3 Nd6 16. Nfd2 Nxc4 17. Nxc4 Nb6 18. Bxb6 axb6 19. Qe3 {0-1 (67) Azaladze,S (2482)-L'Ami,E (2645) Groningen 2013}) 13... f6 14. Nf5 Bf7 15. Qe2 Nb6 16. Nce3 a5 17. Rd1 Kh8 18. Bd2 Nc8 19. Nc4 Ned6 20. Nfxd6 (20. Nxa5 {feels hotter.} Nxf5 21. exf5 Nd6 22. b4 Bd4 23. c3) 20... Nxd6 21. Nxd6 Bxd6 22. Be3 Rfd8 23. Rd2 Bb4 24. Rxd8+ Rxd8 25. Rd1 h6 26. Bf3 {Precision: White = 42%, Black = 26%.} 1/2-1/2

[Event "77th GEO-ch Supreme League 2018"]
[Site "Tbilisi"]
[Date "2018.01.21"]
[Round "2.5"]
[White "Kacharava, Nikolozi"]
[Black "Quparadze, Giga"]
[Result "1/2-1/2"]
[WhiteElo "2302"]
[BlackElo "2499"]
[Annotator "TA"]
[PlyCount "68"]
[EventDate "2018.??.??"]
[EventType "k.o."]
[EventCountry "GEO"]
[SourceTitle "playchess.com"]
[Source "ChessBase"]
[SourceQuality "1"]

{[%evp 11,68,33,33,28,32,30,31,31,41,28,25,30,34,28,28,29,29,29,20,16,13,14,14,22,26,21,14,17,13,0,29,0,0,-12,-10,-14,-12,-8,0,-16,0,0,0,0,0,0,0,0,0,0,0,0,0,0,0,0,0,0,0]} 1. e4 c5 2. Nf3 e6 3. d4 cxd4 4. Nxd4 a6 5. c4 Nf6 6. Nc3 Bb4 7. Qd3 {B41: Sicilian: Kan Variation: 5 c4} d5 8. exd5 exd5 9. Be2 {White is slightly better.} Nc6 10. Nxc6 bxc6 11. O-O O-O 12. cxd5 Nxd5 13. Nxd5 Qxd5 14. Qxd5 cxd5 {[#]} 15. Be3 $146 a5 16. Rfd1 Be6 17. Bf3 Rfd8 18. Rac1 a4 19. a3 Bf8 20. Bd4 g6 21. Rd3 Bg7 {The position is equal.} 22. Kf1 Rdb8 23. Bxg7 Kxg7 24. Rd2 Rb6 25. Rcd1 Rab8 26. Bxd5 Bxd5 27. Rxd5 Rxb2 $11 {[%mdl 4096] Endgame KRR-KRR} 28. R5d4 Ra2 {Strongly threatening ...Rbb2.} 29. Rxa4 Rbb2 30. Rf4 Rxa3 31. g3 {[#] And now Rd7 would win.} Ra7 32. h4 h5 33. Kg2 Ra6 34. Rd7 Rf6 {Precision: White = 71%, Black = 67%.} 1/2-1/2

[Event "77th GEO-ch Supreme League 2018"]
[Site "Tbilisi"]
[Date "2018.01.21"]
[Round "2.7"]
[White "Mchedlishvili, Mikheil"]
[Black "Maghalashvili, Davit"]
[Result "1-0"]
[WhiteElo "2604"]
[BlackElo "2496"]
[Annotator "TA"]
[PlyCount "73"]
[EventDate "2018.??.??"]
[EventType "k.o."]
[EventCountry "GEO"]
[SourceTitle "playchess.com"]
[Source "ChessBase"]
[SourceQuality "1"]

{[%evp 9,73,0,0,-19,12,0,43,33,44,29,41,35,57,4,25,24,41,17,10,16,22,-7,0,-7,-2,-11,8,7,10,17,11,-52,-43,-291,93,93,79,82,85,45,153,142,136,-12,360,366,325,0,216,202,216,225,215,212,29993,29987,29987,29987,29988,29989,29989,29990,29993,29994,29994,29995]} 1. e4 e6 2. d3 c5 3. Nf3 Nc6 4. g3 g6 5. Bg5 Qb6 6. Nbd2 {B40: Sicilian: 2...e6, Unusual lines} d5 (6... Bg7 7. Nc4 Qc7 8. a4 d5 9. exd5 exd5 10. Qe2+ Be6 11. Bf4 Qd7 12. Nfe5 Nxe5 13. Bxe5 f6 {1-0 (64) Jones,G (2676)-Spoelman,W (2588) chess.com INT 2017}) 7. Bg2 Bg7 8. O-O {White is slightly better.} Nge7 {[%cal Bg8e7,Be7f5,Bf5d6,Bd6b5,Bb5c3][%mdl 32]} 9. exd5 exd5 10. Re1 Be6 11. c3 $146 (11. Bxe7 $14 Nxe7 12. Ng5) ({Predecessor:} 11. d4 cxd4 12. Nb3 O-O 13. Nfxd4 Nxd4 14. Bxe7 {1-0 (52) Dietrich,R (2045)-Willim,M (2050) Bayern 1998}) 11... O-O 12. Nb3 Nf5 13. g4 Nd6 14. h3 a5 {[%cal Ba7a5,Ba5a4,Ba4a3][%mdl 32] next ...a4 is good for Black.} 15. Qd2 a4 $36 {[%mdl 2048] Black has good play.} 16. Nc1 a3 17. b3 Qa5 18. Ne2 Nb5 {[%cal Rb5c3]} 19. Rac1 d4 20. c4 (20. cxd4 $11 cxd4 21. Qxa5 Nxa5 22. Bd2) 20... Nc3 $15 21. Bh6 $2 {[#]} ({White should play} 21. Ng3 $15) 21... Nb4 $2 ({Better is} 21... Nxa2 $1 $19 {[%mdl 512]} 22. b4 (22. Qxa2 Bxh6) 22... Qxb4 23. Qxa2 Bxh6) 22. Bxg7 $16 ({And not} 22. Nxc3 dxc3 23. Rxc3 Nxa2 $1 $17 {[%mdl 512]}) 22... Nxe2+ 23. Rxe2 Kxg7 24. Ng5 Qb6 (24... Rae8 $14) 25. Rce1 {[%cal Rg5e6]} Rae8 {[#]} 26. f4 ({White must play} 26. Bd5 $1 $16 {[%mdl 512]}) 26... Qd6 $2 {[%mdl 8192]} (26... Bd7 $11) 27. Ne4 $18 ({Weaker is} 27. Bxb7 h6 $14) 27... Qc7 {[#]} 28. Ng5 $2 ({White has to play} 28. f5 $1 $18 {[%cal Rf5f6][%mdl 512] f6+ would kill now.} h6 (28... gxf5 29. Qg5+) 29. fxe6 Rxe6 30. Rf1) 28... Qd6 $2 {[#]} (28... Bd7 $11 {and Black stays safe.}) 29. f5 $1 {[%cal Rf5f6]} ({Not} 29. Bxb7 Bd7 $16) 29... gxf5 30. gxf5 Bd7 {Black wants to play ...Rxe2.} 31. Ne4 Qc7 $2 (31... Qh6 $18) 32. Qg5+ {White mates.} Kh8 33. Qf6+ Kg8 34. Bf3 Bxf5 35. Qxf5 f6 36. Nxf6+ Kh8 37. Rxe8 {Precision: White = 45%, Black = 36%.} 1-0

[Event "77th GEO-ch Supreme League 2018"]
[Site "Tbilisi"]
[Date "2018.01.22"]
[Round "3.1"]
[White "Mchedlishvili, Mikheil"]
[Black "Sanikidze, Tornike"]
[Result "1-0"]
[WhiteElo "2602"]
[BlackElo "2525"]
[Annotator "TA"]
[PlyCount "75"]
[EventDate "2018.??.??"]
[EventType "k.o."]
[EventCountry "GEO"]
[SourceTitle "playchess.com"]
[Source "ChessBase"]
[SourceQuality "1"]

{[%evp 15,75,35,25,17,15,18,49,41,25,23,10,-11,-12,-5,-3,-10,-3,-10,-4,-6,-7,-22,-4,-24,-33,-34,-10,-10,-10,-12,0,-10,-12,-10,-14,-25,0,-97,-97,-93,-104,-133,-111,-712,-701,-782,765,748,740,737,860,862,841,838,838,817,809,802,904,899,868,866]} 1. Nf3 Nf6 2. c4 e6 3. g3 d5 4. Bg2 dxc4 5. Qa4+ Nbd7 6. Qxc4 c5 7. O-O a6 8. Qb3 Bd6 {LiveBook: 3 Partien. A13: Reti-Eröffnung} 9. d4 O-O 10. Rd1 b5 $146 {Die Stellung ist ausgeglichen.} ({Vorgänger:} 10... Qc7 11. Nc3 b5 12. Ng5 Bb7 13. d5 c4 14. Qc2 exd5 15. Nxd5 Bxd5 16. Bxd5 {1-0 (42) Artemiev,V (2673)-Moskalenko,A (2442) Moscow 2016}) 11. Ng5 c4 12. Qc2 Rb8 13. e4 e5 14. Nc3 Qc7 15. Nf3 Re8 16. Bg5 h6 17. dxe5 Bxe5 18. Be3 Bxc3 19. Qxc3 Nxe4 20. Qc2 g5 21. h4 {[%cal Rh4g5]} Bb7 $36 {[%mdl 2048] Schwarz hat Initiative.} 22. hxg5 Nxg3 23. gxh6 {Droht stark Sg5.} Rxe3 24. fxe3 {zielt auf Sg5 ab.} Bxf3 25. Bxf3 {Td5 ist eine echte Drohung.} Ne5 26. Bg2 (26. Rd5 $11 {hält das Gleichgewicht.} Nxf3+ 27. Kf2) 26... Rb6 $1 $17 {[%mdl 1024] Schwarz hat starke Kompensation.} 27. h7+ Kh8 28. Rd5 Ng4 $1 {Weiss muss nun ...Tf6 beachten.} 29. Bf3 $2 {[%mdl 8192]} (29. Rd4 $17 Rg6 30. Re1) 29... Rg6 $1 $19 30. Rad1 {[#]} Ne5 $4 {[%mdl 8192]} (30... Nf5 $1 $19 {[%mdl 512]} 31. Qg2 (31. Qxf5 Qh2+) 31... Ne5 32. Rd8+ Kxh7) 31. Rd8+ $18 {Weiß steht klar auf Gewinn.} Kxh7 32. Qh2+ Rh6 {[#]} 33. Rh8+ $3 {[%mdl 512]} Kxh8 34. Qxh6+ Kg8 35. Qg5+ Ng6 36. Kf2 Nf5 37. Qxf5 Qh2+ 38. Kf1 {Precision: Weiß = 59%, Schwarz = 68%.} 1-0

[Event "77th GEO-ch Supreme League 2018"]
[Site "Tbilisi"]
[Date "2018.01.22"]
[Round "3.1"]
[White "Jojua, Davit"]
[Black "Quparadze, Giga"]
[Result "1-0"]
[WhiteElo "2586"]
[BlackElo "2499"]
[Annotator "TA"]
[PlyCount "87"]
[EventDate "2018.??.??"]
[EventType "k.o."]
[EventCountry "GEO"]
[SourceTitle "playchess.com"]
[Source "ChessBase"]
[SourceQuality "1"]

{[%evp 30,87,33,38,47,33,43,39,63,53,68,63,45,64,86,82,104,100,92,77,181,181,224,110,126,124,151,157,191,191,191,191,239,243,341,325,334,334,322,331,330,334,388,260,249,0,405,379,599,591,564,535,512,483,2474,2393,2156,1196,29971,29973]} 1. d4 Nf6 2. c4 e6 3. Nf3 Bb4+ 4. Nbd2 b6 5. a3 Bxd2+ 6. Qxd2 Bb7 7. e3 d6 8. Be2 Nbd7 9. O-O O-O 10. b4 Ne4 11. Qc2 f5 12. d5 {E14: Queen's Indian: Classical Variation (4 e3)} e5 (12... exd5 13. Bb2 c5 14. cxd5 Bxd5 15. Rad1 Bb7 16. Bc4+ Kh8 17. Be6 Qe7 18. Qb3 b5 19. Bxd7 Qxd7 20. bxc5 Nxc5 {1-0 (34) Bok,B (2598)-Moiseenko,A (2657) Doha 2016}) 13. Nd2 Nxd2 14. Bxd2 c6 15. dxc6 Bxc6 16. f3 {LiveBook: 5 Games} Rf6 $146 ({Predecessor:} 16... Qh4 17. Rad1 Rf6 18. Rf2 f4 19. exf4 exf4 {½-½ (27) Jianu,V (2556)-Berescu,A (2454) Olanesti 2016}) 17. Rfd1 Qf8 18. Be1 Kh8 19. a4 a5 20. c5 $1 bxc5 21. bxa5 d5 22. Bb5 $36 {[%mdl 2048] aiming for Bxc6. Black is under strong pressure.} Qc8 23. Rac1 h6 24. Bc3 Rf8 (24... f4 $16 {was called for.}) 25. Qd2 Bb7 {[#]} 26. Bxd7 (26. a6 $1 $18 {[%cal Ra6b7][%mdl 512] is more deadly.} Bxa6 27. Qxd5 Bxb5 28. axb5) 26... Qxd7 $16 27. Bxe5 Qe7 {[#]} 28. Qc3 $1 Bc6 29. f4 c4 30. Rb1 Rfd8 31. Rb6 Rdc8 (31... Rac8 $142 32. a6 Kh7) 32. Rdb1 {[%cal Bd1b1,Bb1b4,Bb4b6][%mdl 32]} Kh7 33. a6 Ra7 34. Bd4 Qd7 35. R1b4 Rcc7 36. Be5 Rc8 37. Bd4 $2 (37. h3 $18) 37... Ba8 $2 {[%mdl 8192]} (37... Rcc7 $1 $11 {and Black stays safe.} 38. a5 Ra8) 38. a5 $18 Rc6 (38... Rd8 $142 39. Qc2 Re8) 39. Rxc6 Qxc6 40. Rb6 ({And not} 40. Bxa7 d4 $11) 40... Qc8 41. Qb4 {Black must now prevent Rb8.} Rc7 (41... c3 $142) 42. Rb8 Qxa6 43. Qf8 Bb7 44. Qxf5+ {Precision: White = 80%, Black = 24%.} 1-0

[Event "77th GEO-ch Supreme League 2018"]
[Site "Tbilisi"]
[Date "2018.01.23"]
[Round "3.2"]
[White "Sanikidze, Tornike"]
[Black "Mchedlishvili, Mikheil"]
[Result "1/2-1/2"]
[WhiteElo "2525"]
[BlackElo "2602"]
[Annotator "TA"]
[PlyCount "64"]
[EventDate "2018.??.??"]
[EventType "k.o."]
[EventCountry "GEO"]
[SourceTitle "playchess.com"]
[Source "ChessBase"]
[SourceQuality "1"]

{[%evp 11,64,-5,18,10,27,3,2,-4,3,6,52,45,84,85,91,90,107,75,81,60,64,76,82,74,80,24,37,29,38,34,108,0,0,0,0,-38,-44,-18,0,-77,-41,-109,-104,-100,-109,-111,-110,-110,-110,-110,-110,-192,-179,-183,-145]} 1. e4 e5 2. Nc3 Nc6 3. g3 Bc5 4. Bg2 a6 5. d3 d6 6. Nge2 Be6 {LiveBook: 3 Games. C25: Vienna Game: Alternatives to 2...Nf6} (6... Nge7 7. h3 O-O 8. Nd5 Nxd5 9. exd5 Nd4 10. Be3 Nxe2 11. Qxe2 Bxe3 12. fxe3 Qg5 13. Qf3 f5 14. O-O-O Bd7 {0-1 (31) Hou,Y (2652)-Caruana,F (2802) chess.com INT 2017}) 7. Nd5 Ba7 8. c3 $146 ({Predecessor:} 8. O-O h5 9. h4 Qd7 10. Be3 Bxe3 11. Nxe3 Nh6 12. d4 Bh3 13. c3 Bxg2 14. Kxg2 {0-1 (52) Lei,T (2232)-Stocek,J (2544) Sydney 2013}) 8... Nce7 {The position is equal.} 9. d4 c6 10. Ne3 Qc8 11. f4 {[%cal Bf2f4,Bf4f5][%mdl 32]} b5 12. f5 $36 {[%mdl 2048] White is in control.} Bd7 13. g4 Qc7 14. Ng3 h6 15. Nh5 g6 16. Ng3 Nf6 17. O-O {Strongly threatening fxg6.} g5 18. Nc2 (18. dxe5 $16 dxe5 19. Qe2) 18... c5 {With the idea ...cxd4.} 19. d5 c4+ 20. Kh1 Kf8 {[#]} (20... Nc8 $14) 21. Be3 (21. Bf3 $1 $16) 21... Bxe3 $11 22. Nxe3 Nc8 {[%cal Be7c8,Bc8b6,Bb6a4,Ba4b2][%mdl 32]} 23. h4 Nb6 24. Nh5 Qd8 25. Bf3 (25. Nxf6 $11 {remains equal.} Qxf6 26. h5) 25... Na4 26. Qc2 ({Better is} 26. Rf2 $15) 26... Nxh5 $17 27. gxh5 {[#]} g4 $1 ({But not} 27... gxh4 $6 28. Rg1 $15) 28. Nxg4 Qxh4+ 29. Qh2 Qxh2+ 30. Kxh2 Nxb2 31. Be2 (31. Ne3 $17) 31... Na4 32. Rf3 Nc5 {Precision: White = 51%, Black = 52%.} 1/2-1/2